000 01309nam a2200241Ia 4500
999 _c52970
_d52970
001 20001
003 GE_BSU
005 20250318173325.0
008 181216s1981||||ge |||||||||||||| ||geo||
040 _cGE_BSU
041 _ageo
080 _a821.134.2-31 ს-42
100 _aსერვანტეს, საავედრა მიგელ დე.
_912655
245 _aმახვილგონიერი იდალგო დონ კიხოტ ლამანჩელი : 1 ნაწ
_b [რომანი]. წ. 1. /
_cმიგელ დე სერვანტეს საავედრა ; [თარგმნა ნ. ავალიშვილმა ; რედ. წინასიტყვ. და შენიშვნები ნ. აგიაშვილისა].
264 _aთბილისი :
_bნაკადული,
_c1985.
300 _a552 გვ. ;
_c22 სმ.
541 _h7ლ.
653 _aმახვილგონიერი იდალგო დონ კიხოტ ლამანჩელი 1 ნაწ.
653 _aრომანი
700 _aავალიშვილი, ნ.
_eმთარგმნელი
_95257
700 _aაგიაშვილი, ნ.
_eრედაქტორი
_924612
942 _cBK
_2udc